banner-ar

كشاف تحليلى للمسائل الفقهيه فى تفسير القرطبى / (Record no. 41587)

MARC details
000 -الفاتح
حقل البيانات ثابتة الطول 00596nam a2200193Ia 4500
008 - عناصر البيانات ثابتة الطول - معلومات عامة
حقل البيانات ثابتة الطول 140319s9999 xx 000 0 ara d
040 ## - مصدر الفهرسة
وكالة الفهرسة الأصلية GCL /
وكالة النسخ GCL
082 04 - رقم تصنيف ديوى العشرى
رقم التصنيف 227
رقم المادة م ك
100 1# - المدخل الرئيسى - إسم شخصى
الإسم الشخصى مشهور حسن سليمان
245 10 - بيان العنوان
العنوان كشاف تحليلى للمسائل الفقهيه فى تفسير القرطبى /
بيان المسئوليه,etc مشهور حسن سليمان
700 1# - المدخل الاضافى - اسم شخصى
الإسم الشخصى جمال عبداللطيف الدسوقى
300 ## - الوصف المادى
التعداد 286 ص
490 ## - بيان السلسلة
عنوان السلسلة كتاب
رقم المجلد/ التعيين التسلسلي 0
650 04 - المدخل الاضافى بالموضوع-مصطلح موضوعى
مصطلح موضوعي القران - تفسير
650 04 - المدخل الاضافى بالموضوع-مصطلح موضوعى
مصطلح موضوعي القرطبى
650 04 - المدخل الاضافى بالموضوع-مصطلح موضوعى
مصطلح موضوعي كشافات
942 ## - عناصر المدخل الإضافي( كوها)
مصدر التصنيف او مخطط الترفيف Dewey Decimal Classification
Koha [default] item type كتاب
Holdings
حالة التراجع حالة الفقد حالة تلف ليس للاعارة المكان المؤقت الموقع الحالى تاريخ الاكتساب اجمالي اﻻعارات رقم الطلب الباركود تاريخ اخر مشاهدة تاريخ تفعيل السعر نوع وعاء كوها
        مكتبة القاهرة الكبرى مكتبة القاهرة الكبرى 03/26/2014   227\م ك 100492 03/26/2014 03/26/2014 كتاب

Powered By

EGPV